Intermediate algebra
| Main Author: | |
|---|---|
| Language: | English |
| Published: |
Reading, Mass.:
Addison-Wesley Publishing Company,
1996.
|
| Edition: | 2nd ed.. |
| Subjects: |
| LEADER | 00570cam a2200181 7i4500 | ||
|---|---|---|---|
| 001 | 0000009791 | ||
| 005 | 20100405090000.0 | ||
| 008 | 100405s1996 mau eng | ||
| 020 | 0 | 0 | |a 9780201595642 |
| 020 | 0 | 0 | |a 0201595648 |
| 090 | 0 | 0 | |a QA 154.2 |b .D8 1996 |
| 100 | 1 | 0 | |a Dugopolski, Mark |
| 245 | 1 | 0 | |a Intermediate algebra |c Mark Dugopolski. |
| 250 | 0 | 0 | |a 2nd ed.. |
| 260 | 0 | 0 | |a Reading, Mass.: |b Addison-Wesley Publishing Company, |c 1996. |
| 300 | # | # | |a 1v. (various pagings): |b col., ill.; |c 27 cm.. |
| 650 | 0 | 0 | |a Algebra |
| 999 | |a 1000386231 |b Book |c Open Shelf |e KOLEKSI TERBUKA | ||


